Statistics for Repeated City Names - Largest 2nd cities and most repeated names

Click here to take the quiz!

General Stats

  • This quiz has been taken 34 times
    (33 since last reset)
  • The average score is 12 of 68

Answer Stats

RANK (country-pop of 1st and 2nd city CITY % Correct
7. (gb 7 421k ca 347k)London
72%
11. (ru 4 040k us 246k)Saint Petersburg
60%
8 - us us us us us us us us - 152kSpringfield
60%
31. (us 152k us 150k)Springfield
60%
12. (gb 984k us 232k)Birmingham
60%
4. (es 1 570k ve 425k)Barcelona
56%
6 - cl do ph br pa mx - 4 837kSantiago
48%
8 - us cr ph ph uy cr ph gt - 897kSan José
48%
3. (cl 4 837k do 556k)Santiago
48%
8. (us 897k cr 335k)San José
48%
5. (ar 470k us 418k)San Juan
40%
5 - ar us us cr ph - 469kSan Juan
40%
2. (ve 1 385k es 770k)Valencia
40%
24. (ca 1 838k us 158k)Vancouver
40%
20. (us 737k us 185k)Columbus
36%
5 - us us us us us - 736kColumbus
36%
18. (do 2 202k ec 200k)Santo Domingo
36%
1. (in 3 598k pk 1 387k)Hyderabad
32%
9. (ar 1 441k es 311k)Córdoba
32%
5 - us ar cr cr ph - 732kSan Francisco
24%
5 - us us us za us - 190kRichmond
20%
5 - us us us au us - 93kAlbany
20%
28. (ca 654k nz 153k)Hamilton
16%
25. (us 307k ph 157k)Toledo
16%
6 - ca us sc ar cl ph - 289kVictoria
16%
17. (co 952k es 202k)Cartagena
16%
6. (au 498k za 405k)Newcastle
12%
5 - us us us us us - 224kMadison
12%
33. (us 145k us 145k)Pasadena
12%
23. (bo 813k mx 171k)La Paz
12%
22. (us 300k us 174k)Aurora
12%
21. (us 343k sv 177k)Santa Ana
8%
32. (mx 1 115k ni 150k)León
8%
19. (us 368k us 185k)Arlington
8%
5 - us us au fr us - 133kOrange
8%
6 - ph us cl br ph ph - 108kSanta Cruz
8%
5 - ph ar ar mx cr - 270kSan Pedro
8%
30. (by 301k fr 151k)Brest
8%
5 - it us us us us - 347kFlorence
4%
5 - us us us us us - 68kMount Vernon
4%
5 - us us gb us us - 129kLancaster
4%
26. (ph 217k us 155k)Santa Rosa
4%
5 - ph us ar br ec - 216kSanta Rosa
4%
5 - gb us us us us - 44kWinchester
4%
16. (us 240k us 203k)Glendale
4%
5 - us us us us us - 140kLakewood
4%
6 - ph ve ph cl uy us - 91kSan Carlos
4%
5 - us us us us us - 32kWatertown
0%
5 - ve cl mx cr mx - 76kSan Felipe
0%
5 - br us cv ph pe - 249kSanta Maria
0%
5 - py ar us hn ec - 227kSan Lorenzo
0%
5 - gb us us us us - 194kPortsmouth
0%
34. (es 155k mx 139k)Salamanca
0%
27. (ve 247k do 154k)San Cristóbal
0%
29. (cn 156k cn 152k)Yichun
0%
15. (cn 1 343k cn 205k)Suzhou
0%
14. (lk 648k br 217k)Colombo
0%
10. (cn 450k cn 259k)Jining
0%
13. (br 313k es 225k)Vitoria
0%
7 - ph es ph tt mx us ph - 251kSan Fernando
0%
6 - pe sv cl co es co - 34kLa Unión
0%
5 - gb us us us us - 430kBristol
0%
5 - us us us us us - 29kClinton
0%
5 - us us us us us - 23kAshland
0%
6 - ar sv cr cr cl ph - 84kSan Vicente
0%
6 - ar ar uy ar cr ph - 126kMercedes
0%
6 - us sv us co gt ni - 69kSan Marcos
0%
5 - cl ph py ph cr - 215kConcepción
0%

Score Distribution

Percentile by Number Answered

Percent of People with Each Score

Your Score History

You have not taken this quiz since the last reset